000 01696cam a2200301 4500
001 ABS66463
008 030228n2003 000 0 eng u
035 _a(Sirsi) u121465
100 _aEdwards, M.
245 _aPlanning bill
260 _c2003
490 _aEstates Gazette
_v(0304) 25 January 2003, 146-148(3)
490 _aEstates Gazette
_v(0305) 1 February 2003, 140-142(3)
490 _aEstates Gazette
_v(0307) 15 February 2003, 132-139(3)
520 _aThree articles focusing on different elements of the Planning and Compulsory Purchase Bill. "Planning life in the slow lane" examines the bill's proposals for the development plan preparation system. This will involve regional spatial strategy and development plan documents for England with the exception of Greater London where the mayor's spatial development strategy and development plan documents will be used. "Ups and downs of the planning reforms" discusses proposed changes to the system of development control and highlights the likely impact on developers. "Tense relationship" considers proposals relating to compulsory purchase and compensation, which will increase the powers of acquiring local authorities but lessen the ability of landowners to object to compulsory purchase orders.
590 _aABS
650 _aCompulsory purchase
_96228
650 _aCOMPENSATION
650 _aPLANNING REFORM
650 _aPLANNING AND COMPULSORY PURCHASE ACT 2004
650 _aREGIONAL SPATIAL STRATEGIES
650 _aREGIONAL PLANNING
650 _aLOCAL DEVELOPMENT PLANS
650 _aLOCAL DEVELOPMENT DOCUMENTS
650 _aDEVELOPMENT CONTROL
690 _aPLANNING-PLANNING LAW
942 _n0
999 _c72183
_d72183